10 million city hopping - Statistics

General Stats
  • This quiz has been taken 936 times
    904 since last reset
  • The average score is 13 of 24
Answer Stats
Hint Answer % Correct
Capital of UK London
100%
African capital with most tourists Cairo
90%
Centre of Bollywood Mumbai
86%
Largest city in a ‘stan’ country Karachi
78%
Formerly called Saigon Ho chi Minh
75%
Easternmost station of Orient Express Istanbul
74%
Largest city in West asia Tehran
74%
Large city with only one skyscraper Paris
73%
Bengali speaking city with India's first port Kolkata
65%
Krung Thep Maha Nakhon Bangkok
64%
Got its name from king Chennappa Chennai
61%
A global pandemic originated here Wuhan
60%
Silicon valley of India Bangalore
56%
City famous for it's textile industry Dhaka
50%
Second largest city beginning with X Xiamen
49%
Situated on the banks of Pearl river Guangzhou
46%
Luxurious district named'Gangnam' is situated here Seoul
43%
Capital of Japan Tokyo
40%
Jackie chan movie ‘____ noon’ Shanghai
35%
Once rules by Nizams Hyderabad
32%
City's name in Cantonese:Chèuhngsā Changsha
27%
Birthplace of a professional tennis player number 1 in singles Osaka
19%
City famous for its car industry Nagoya
16%
Capital of the Song dynansty Hangzhou
11%
No matching quizzes found
Score Distribution
Percent of People with Each Score
Percentile by Number Answered
Your Score History
You have not taken this quiz since the last reset